00282nam a22001217a 450000500170000000800410001704100080005808200120006610000200007824500370009830000100013565000150014520260408162258.0210326b ||||| |||| 00| 0 eng d aeng a338.092 aKIRLOSKAR, S.L. aCactus & Roses: An Autobiography a358,p aBiography